000 00889cam a22002771a 4500
999 _c127707
_d127707
001 8985721
003 ARRUPE
005 20180320110256.0
008 820426s1971 fr a b 000 0 fre
010 _a 72358256
015 _aF72-2146
035 _a(OCoLC)8370839
040 _aDLC
_cKU
_dKU
_dDLC
042 _apremarc
050 0 0 _aDT546.442
_b.J3 1971
100 1 _aJaulin, Robert.
_940769
245 1 3 _aLa Mort sara :
_bl'ordre de la vie ou la pensée de la mort au Tchad /
_cRobert Jaulin.
260 _aParis :
_bLibrairie Plon,
_c1971.
300 _a448 p. :
_bill. ;
_c18 cm.
490 0 _a10/18 ;
_v542, 543, 544
504 _aIncludes bibliographical references.
650 0 _aSara (African people)
_940770
906 _a7
_bcbc
_coclcrpl
_du
_encip
_f19
_gy-gencatlg
942 _2lcc
_cMONOGRAPH